LIBRARY ONLINE CATALOGUE

Distance education (Record no. 17703)

MARC details
000 -LEADER
fixed length control field 00430nam a22001577a 4500
008 - FIXED-LENGTH DATA ELEMENTS--GENERAL INFORMATION
fixed length control field 190525b xxu||||| |||| 00| 0 eng d
020 ## - INTERNATIONAL STANDARD BOOK NUMBER
International Standard Book Number 8178901005
040 ## - CATALOGING SOURCE
Original cataloging agency KABU
Transcribing agency KABU
050 ## - LIBRARY OF CONGRESS CALL NUMBER
Classification number LC5800
Item number .R35 2004 c. 1
100 ## - MAIN ENTRY--PERSONAL NAME
Personal name Raj, Shalini
245 ## - TITLE STATEMENT
Title Distance education
Statement of responsibility, etc. Shalini Raj
260 ## - PUBLICATION, DISTRIBUTION, ETC. (IMPRINT)
Place of publication, distribution, etc. New Delhi
Name of publisher, distributor, etc. Ivy Publishing house
Date of publication, distribution, etc. 2004
300 ## - PHYSICAL DESCRIPTION
Extent 116 p.
650 ## - SUBJECT ADDED ENTRY--TOPICAL TERM
Topical term or geographic name as entry element Distance education
942 ## - ADDED ENTRY ELEMENTS (KOHA)
Source of classification or shelving scheme Library of Congress Classification
Koha item type General Collection
Classification part LC5800
Holdings
Withdrawn status Lost status Source of classification or shelving scheme Not for loan Home library Current library Date acquired Cost, normal purchase price Total Checkouts Full call number Barcode Date last seen Copy number Price effective from Koha item type
    Library of Congress Classification   Kabarak, Main Campus Kabarak, Main Campus 25/05/2019 2668.00   LC5800 .R35 2004 c. 1 023189 25/05/2019 c. 1 25/05/2019 General Collection
    Library of Congress Classification   Kabarak, Main Campus Kabarak, Main Campus 25/05/2019 2668.00   LC5800 .R35 2004 c. 2 023190 25/05/2019 c. 2 25/05/2019 General Collection